000 00766nam a2200181Ia 4500
003 GCL
008 140319s9999 xx 000 0 ara d
040 _aGCL /
_cGCL
082 0 4 _a341.25
_bش م
100 1 _aشهيدة الباز
245 1 0 _aالمنظمات الاهلية العربية على مشارف القرن الحادى والعشرين :
_bمحددات الواقع وافاق المستقبل /
_cشهيدة الباز
260 _aالقاهرة :
_bلجنة المتابعة لمؤتمر التنظيمات الاهلية العربية
300 _a298 ص ؛
_c24 سم
650 0 4 _aالسياسة الدولية
650 0 4 _aالمنظمات الدولية
650 0 4 _aالمنظمات العربية المتخصصة
942 _2ddc
_cBK
999 _c7349
_d7349